A long stroke isentropic free piston hypersonic wind tunnel /

Bibliographic Details
Main Author: East, R. A.
Corporate Author: Aeronautical Research Council (Great Britain)
Other Authors: Qasrawi, A. M. S.
Format: Book
Language:English
Published: London : Her Majesty's Stationery Office, 1980.
Series:Reports and memoranda (Aeronautical Research Council (Great Britain)) ; no. 3844.
Subjects:

MARC

Tag First Indicator Second Indicator Subfields
LEADER 00000cam a2200000 a 4500
001 in00001408092
005 20151020060602.0
008 980226s1980 enka b f000 0 eng d
020 |z 011471178 
035 |a (OCoLC)38516755 
035 |9 AHN7439AM 
040 |a TXA  |c TXA  |d UtOrBLW 
049 |a TXAM 
090 |a TL526.G7  |b A4 no. 3844 
100 1 |a East, R. A. 
245 1 2 |a A long stroke isentropic free piston hypersonic wind tunnel /  |c by R.A. East and A.M.S. Qasrawi. 
264 1 |a London :  |b Her Majesty's Stationery Office,  |c 1980. 
300 |a 30 pages, 16 unnumbered pages :  |b illustrations ;  |c 30 cm. 
336 |a text  |b txt  |2 rdacontent 
337 |a unmediated  |b n  |2 rdamedia 
338 |a volume  |b nc  |2 rdacarrier 
490 1 |a Aeronautical Research Council. Reports and memoranda ;  |v no. 3844 
500 |a Cover title. 
500 |a "August, 1978" -- page [1]. 
500 |a "Replaces AASU Report 334--ARC 37889" -- page [1]. 
504 |a Includes bibliographical references (page 30). 
650 0 |a Hypersonic wind tunnels. 
700 1 |a Qasrawi, A. M. S. 
710 2 |a Aeronautical Research Council (Great Britain) 
830 0 |a Reports and memoranda (Aeronautical Research Council (Great Britain)) ;  |v no. 3844. 
948 |a o:jls 
999 |a MARS 
999 f f |s 073421b8-4f9d-3ab8-b2be-6ff66f273b8f  |i 23f01375-66b8-3dd7-b993-644087bd7f3e  |t 0 
952 f f |p ric  |a Texas A&M University  |b Rellis Campus  |c Joint Library Facility  |d Remote Storage  |t 0  |e TL526.G7 A4 no. 3844  |h Library of Congress classification  |i unmediated -- volume  |m A14822014103 
998 f f |a TL526.G7 A4 no. 3844  |t 0  |l Remote Storage